Normal view
MARC view
- Law, Competition Act
Entry Topical Term
001 - CONTROL NUMBER
- control field: 128149
003 - CONTROL NUMBER IDENTIFIER
- control field: NUST
005 - DATE AND TIME OF LATEST TRANSACTION
- control field: 20250304113952.0
008 - FIXED-LENGTH DATA ELEMENTS
- fixed length control field: 250304|| aca||aabn | a|a d
040 ## - CATALOGING SOURCE
- Original cataloging agency: NUST
- Transcribing agency: NUST
150 ## - HEADING--TOPICAL TERM
- Topical term or geographic name entry element: Law, Competition Act
670 ## - SOURCE DATA FOUND
- Source citation: Work cat.: (NUST): Khan, Faraz Ahmed 86084, commentaries on The Competition Act, 2010 and The Securities & Exchange Commission of Pakistan Act, 1997:, 2022.
